[Event "Ivanic Grad CC-ch"]
[Site "Ivanic Grad"]
[Date "2008.02.17"]
[Round "1"]
[White "Bozilevic, Dean"]
[Black "Raljic, Mirko"]
[Result "1/2-1/2"]
[WhiteElo "2081"]
[BlackElo "2131"]
[PlyCount "27"]
[EventDate "2008.02.17"]
[EventType "tourn"]
[EventRounds "7"]
[EventCountry "CRO"]
[SourceTitle "EXT 2010"]
[Source "ChessBase"]
[SourceDate "2010.11.25"]
[SourceVersion "1"]
[SourceVersionDate "2010.11.25"]
[SourceQuality "1"]

1. e4 c5 2. d4 cxd4 3. c3 Nf6 4. e5 Nd5 5. Qxd4 e6 6. Nf3 Nc6 7. Qe4 f5 8. Qe2 g6 9. Bg5 Be7 10. Bxe7 Qxe7 11. g3 b6 12. Nbd2 0-0 13. Bg2 Rb8 14. 0-0 1/2-1/2